LEADER 01518nam a2200325 a 4500 001 000000135306 003 CaOOAMICUS 005 20130903160304.0 008 130903s2005 it u000 u ita r 040 $aPUL$bita 100 1 $aZagrebelsky, Gustavo,$d1943-$0(OLS)http://pul/name/36643 245 10$aImparare la democrazia /$cGustavo Zagrebelsky ; introduzione di Eugenio Scalfari ; in appendice brani di Aristofane ... [et al] ; traduzione di Margherita Bignardi, Guido Paduano. 260 $a[s. l.] :$bLa biblioteca di Repubblica,$c©2005. 300 $a220 p. ;$c20 cm. 490 1 $aLa Biblioteca di Repubblica. Idee ;$v03 504 $aBibliografia in nota. 650 4$aDemocrazia$xItalia.$0(OLS)http://pul/subject/19392 700 1 $aScalfari, Eugenio.$0(OLS)http://pul/name/39916 700 0 $aAristophanes,$dc. 445-c. 385 a.C.$0(OLS)http://pul/name/1745 700 1 $aBignardi, Margherita.$0(OLS)http://pul/name/87178 700 1 $aPaduano, Guido,$d1944-$0(OLS)http://pul/name/12153 830 3$aLa Biblioteca di Repubblica$pIdee ;$v03.$0(OLS)http://pul/title/133143 850 $aPUL 852 $aPUL$W1$xDP1 Fondo E. Rossi$y115$m1 Z 1$j155905$qFondi$B155327$CPULBib$Z2$F155327 $82 900 $aAristofane,$dc. 445-c. 385 a.C.$91745 941 1 $a1 961 $aSul dorso collocazione ms. di E. Rossi: Z 0 0 996 $6245$aImparare la democrazia$9(OLS)http://pul/title/171098 996 $6260$a[s. l.] :$bLa biblioteca di Repubblica$9(OLS)http://pul/publisher/81902 LEADER 01374nam a2200313 a 4500 001 000000128156 003 CaOOAMICUS 005 20120322120911.0 008 120322s2011 it a u000 u ita r 020 $a978-88-16-41103-6 040 $aPUL$bita 082 04$a576.8 245 00$aComplessitą, evoluzione, uomo /$ca cura di Fiorenzo Facchini ; testi di U. Amaldi ... [et al.]. 260 $aMilano :$bJaca Book,$c2011. 300 $a276 p. :$bill. ;$c23 cm 490 1 $aDi fronte e attraverso. Le origini dell'uomo ;$v1003 504 $aInclude riferimenti bibliografici. 650 4$aEvoluzione umana.$0(OLS)http://pul/subject/29728 700 1 $aAmaldi, Ugo,$d1934-$0(OLS)http://pul/name/81869 700 1 $aFacchini, Fiorenzo,$csacerdote,$d1929-$0(OLS)http://pul/name/42633 830 0$aDi fronte e attraverso.$pLe origini dell'uomo ;$v1003.$0(OLS)http://pul/title/155823 850 $aPUL 852 $aPUL$W1$xSL Cons. Gen., Altre Classi 3$y75$m576. 8 FACFI 1$j148343$qDDC 21$B146934$CPULBib$Z2$F146934 $H118204 $82 941 1 $a9 996 $6020$a978-88-16-41103-6$9(OLS)http://pul/number/149288 996 $6082$a576.8$9(OLS)http://pul/classification/613 996 $6245$aComplessitą, evoluzione, uomo$9(OLS)http://pul/title/161936 996 $6260$aMilano :$bJaca Book$9(OLS)http://pul/publisher/47900